000
00342nam a2200145Ia 4500
008
150201s2007 xx 000 0 und d
082
_a
610
_b
C07G
100
_a
GOLDMAN, L.
245
_a
CECIL MEDICINE
250
_a
23RD
260
_b
ELSEVIER
_a
PHILAPDELPHIA
_c
2007
300
_a
1-1535
650
_a
MEDICINE AND DIAGNOSIS
942
_2
ddc
_c
BK
999
_c
250
_d
250